000 00861nam a2200229Ii 4500
003 JO-AjNU
008 230605s9999||||xx |||||||||||||| ||und||
017 _a2011/1396
020 _a978-977-379-152-7
040 _aJO-AjNU
_bara
_erda
_cJO-AjNU
041 _aara
050 1 4 _aBP173.75 2011
100 3 _aالعدوي، محمد شكري الجميل,
_eauthor
_934134
245 0 0 _aالأوراق المالية في ميزان الشريعة الإسلامية: دراسة فقهية مقارنة
250 _aط1
264 3 1 _aالاسكندرية: دار الفكر الجامعي، 2011
300 _a407ص
336 _atext
_btxt
_2rdacontent
337 _aunmediated
_bn
_2rdamedia
338 _avolume
_bnc
_2rdacarrier
650 4 _aالاقتصاد الاسلامي- التنمية الاقتصادية- الاوراق المالية
_934135
999 _aA13962
_c17530
_d17530